|
|
|
|
| LEADER |
00000nab a2200000 4500 |
| 001 |
vtls012225887 |
| 003 |
SK-MaSNL |
| 005 |
20260303172449.0 |
| 008 |
230322|1968 xo |||||||||||||||||slo| |
| 015 |
|
|
|a SNBRB
|
| 035 |
|
|
|a (urnnbn)urn:nbn:sk:snk:ar-a0avtb
|
| 035 |
|
|
|a (uuid)8e6f899f-1b23-4df4-a595-38566023b64f
|
| 040 |
|
|
|a SNKBUCL
|b slo
|c SNKBUCL
|e AACR2
|
| 041 |
0 |
|
|a slo
|
| 044 |
|
|
|a xo
|c SK
|
| 100 |
1 |
|
|a Kopál, Ján,
|d 1925-2000
|4 aut
|9 102409
|
| 245 |
1 |
0 |
|a Pochmúrny rozprávkár Martin Hranko
|c Ján Kopál
|
| 600 |
1 |
7 |
|a Hranko, Martin,
|d 1899-1940
|2 SNKMA
|9 37630
|
| 655 |
|
7 |
|a profily
|2 SNKPH
|9 341977
|
| 773 |
0 |
|
|t Zlatý máj : kritická revue tvorby pro mládež
|g Roč. 12, č. 7 (1968), s. [458]-461
|
| 954 |
|
|
|a odborná, vedecká literatúra pôvodná (slovenská)
|2 lita
|
| 958 |
|
|
|a OND
|
| 958 |
|
|
|a article_dop6
|
| 999 |
|
|
|c 2086613
|d 2088543
|